000 01495nam a2200325 c 4500
999 _c173134
_d173134
003 BLK
005 20220603155100.0
008 180411b bul|||||r ||||||| ||bul||
010 _aKNG00181515000
040 _aBLK
041 _aBUL
_cBUL
080 _aЗвезди и звездни системи. Вселена - Космически лъчи, междузвездно пространство, Галактика, Млечен път, космология, извънгалактически системи
_b524
_z524
080 _aХимия. Кристалография. Минералогия. Вж и 577.1; 66; 612.015; 631.41
_b54
_x:524
_z54:524
100 1 _aСлавчев, Дончо
_eпърви автор
_gДонев, Дончо Славчев
_9339441
139 _aСлавчев, Дончо
245 1 0 _aХимия на звездите
_cД. Славчев; * Дончо Славчев Донев.
257 _aBGR
260 _aСофия
_bНаука и изкуство
_c1966
300 _a92 с.
_bс ил.
_c20 см
380 _a5
500 _aПълното име на авт. е Дончо Славчев Донев. - 3 080 тир.
650 4 _aЗвезди
_9155877
650 4 _aХимически вещества
_9338376
653 7 _9186886
_aзвезди
653 7 _9199967
_aхимия
700 1 _aДонев, Дончо Славчев
_e*
_9339442
852 _aЦб 39791
_bЦб
942 _cKNG
_n0
_s1
944 _aCR
_c11.09.2015
_kКети_Илиева
944 _aED
_c28.09.2017
_kВася_Ганчева
944 _aED
_c2022-06-03
_kСТ
999 _d173134